Statistics for Name the Characters that are associated with these Pokémon (game)

Click here to take the quiz!

General Stats

  • This quiz has been taken 127 times
    (123 since last reset)
  • The average score is 15 of 22

Answer Stats

PokémonTrainer% Correct
OnixBrock
92%
GarchompCynthia
89%
Type:Null/SilvallyGladion
89%
RaichuLt.Surge
87%
GolisopodGuzma
82%
MiltankWhitney
82%
TorkoalFlannery
80%
Mega GardevoirDiantha
78%
VileplumeErika
77%
Mega LucarioKorrina
76%
CranidosRoark
70%
FloatzelCrasher Wake
69%
EmolgaElesa
69%
AvaluggWulfric
69%
SteelixJasmine
68%
LeavannyBurgh
66%
Mega SharpedoArchie
62%
MudsdaleHapu
60%
BisharpGrimsley
42%
AriadosBugsy
40%
SalazzlePlumeria
39%
Mega AltariaLisia
20%

Score Distribution

Percentile by Number Answered

Percent of People with Each Score

Your Score History

You have not taken this quiz since the last reset